00407nam a2200157Ia 4500008004100000082002100041100001700062245003200079250000600111260002400117300001000141600001700151630003200168700001700200730003200217151018s9999 xx 000 0 und d bRBASDV60506a824 aP. C. Mittra amemoir of dwarkanath tagore b1 bparul kolkatac2011 a12359 aP. C. Mittra amemoir of dwarkanath tagore aP. C. Mittra amemoir of dwarkanath tagore